000 01616cam a2200373 a 4500
001 1551604
003 OSt
005 20230606083025.0
008 910814s1990 enk 001 0 eng
010 _a 91183014
020 _a9780414047754
040 _aDLC
_cDLC
043 _ae-uk-en
050 0 0 _aKD7177
_b.B8 1990
082 0 0 _a347.420355
_bBLA
245 0 0 _aBullen & Leake & Jacob's precedents of pleadings.
250 _a17th ed. /
_beditors, Sir Jack I.H. Jacob and Iain S. Goldrein ; with specialist contributors ; with a foreword by The Right Hon. Lord Griffiths.
260 _aLondon :
_bSweet & Maxwell,
_c2012
300 _a1909 p. ;
_c26 cm.
440 4 _aThe Common law library ;
_vno. 2
500 _aRev. ed. of: Bullen and Leake and Jacob's precedents of pleadings in the Queen's Bench Division of the High Court of Justice. 12th ed. 1975.
500 _a"... this edition ... is the collective work of 19 specialist practitioners at the Bar"--Pref.
500 _aIncludes index.
650 0 _aPleading
_zEngland
_xForms.
700 1 _aBullen, Edward,
_d2012
700 1 _aLeake, Stephen Martin,
_d2012
700 1 _aJacob, Jack I. H.
_q(Jack Isaac Hai),
_cSir,
_d2012
700 1 _aGoldrein, Ian S.
730 0 _aBullen and Leake and Jacaob's precedents of pleadings in the Queen's Bench Division of the High Court of Justice.
740 0 _aBullen and Leake and Jacob's precedents of pleadings.
906 _a7
_bcbc
_corignew
_d2
_encip
_f19
_gy-gencatlg
942 _2ddc
_cBK
999 _c476
_d476